| 000 | 00404nam a2200181Ia 4500 | ||
|---|---|---|---|
| 005 | 20250603145653.0 | ||
| 008 | 250603s9999 xx 000 0 und d | ||
| 020 | _a9781350112889 | ||
| 050 | _aHT 166 .R64/ | ||
| 100 | _aRoe, Jenny | ||
| 245 | 0 | _aRestorative Cities | |
| 260 | _aLondon | ||
| 260 | _bBloomsbury Publishing | ||
| 260 | _c2022 | ||
| 300 | _a251 p | ||
| 650 | _aLondon | ||
| 942 | _cBK | ||
| 999 |
_c42513 _d42513 |
||